[Event "AI Cup Play In"]
[Site "Chess.com INT"]
[Date "2023.09.18"]
[Round "4"]
[White "Garayev, Kanan Farzali Oglu"]
[Black "Beerdsen, Thomas"]
[Result "1/2-1/2"]
[WhiteElo "2356"]
[BlackElo "2511"]
[PlyCount "32"]
[EventDate "2023.09.18"]
[EventType "swiss (rapid)"]
[EventRounds "9"]
[EventCountry "USA"]
[SourceTitle "EXT 2024"]
[Source "ChessBase"]
[SourceDate "2023.10.10"]
[SourceVersion "1"]
[SourceVersionDate "2023.10.10"]
[SourceQuality "1"]

1. d4 d5 2. Nf3 Nf6 3. c3 e6 4. Bf4 c5 5. e3 Nc6 6. Nbd2 Be7 7. h3 Bd6 8. Bxd6 Qxd6 9. Bb5 0-0 10. Qa4 cxd4 11. cxd4 Bd7 12. 0-0 a6 13. Bxc6 Bxc6 14. Qa3 Qxa3 15. bxa3 Nd7 16. Rfc1 Rfc8 1/2-1/2

[Event "Titled Tuesday intern op 12th Sep Late"]
[Site "Chess.com INT"]
[Date "2023.09.12"]
[Round "7"]
[White "Garayev, Kanan Farzali Oglu"]
[Black "Bilan, Danila"]
[Result "1-0"]
[WhiteElo "2356"]
[BlackElo "2303"]
[PlyCount "55"]
[EventDate "2023.09.12"]
[EventType "swiss (blitz)"]
[EventRounds "11"]
[EventCountry "USA"]
[SourceTitle "EXT 2024"]
[Source "ChessBase"]
[SourceDate "2023.10.10"]
[SourceVersion "1"]
[SourceVersionDate "2023.10.10"]
[SourceQuality "1"]

1. c4 c6 2. d4 d5 3. Nf3 Nf6 4. g3 Bf5 5. cxd5 cxd5 6. Qb3 Qc8 7. Nc3 e6 8. Bf4 Nc6 9. Bg2 Be7 10. 0-0 0-0 11. Rac1 Qd7 12. Qa4 Rfc8 13. a3 h6 14. b4 a6 15. Ne5 Nxe5 16. dxe5 Qxa4 17. Nxa4 Nd7 18. Be3 b5 19. Nb6 Nxb6 20. Bxb6 Kf8 21. e3 Bd3 22. Rfd1 Bc2 23. Rd2 Bf5 24. Rdd1 Bc2 25. Re1 Rc6 26. Bc5 Bxc5 27. Rxc2 Rac8 28. Rec1 1-0

[Event "Titled Tuesday intern op 30th May Early"]
[Site "Chess.com INT"]
[Date "2023.05.30"]
[Round "2"]
[White "Sliwicki, Damian"]
[Black "Garayev, Kanan Farzali Oglu"]
[Result "0-1"]
[WhiteElo "2158"]
[BlackElo "2346"]
[PlyCount "52"]
[EventDate "2023.05.30"]
[EventType "swiss (blitz)"]
[EventRounds "11"]
[EventCountry "USA"]
[SourceTitle "CBM 214 Extra"]
[Source "ChessBase"]
[SourceDate "2023.07.31"]
[SourceVersion "1"]
[SourceVersionDate "2023.07.31"]
[SourceQuality "1"]

1. e4 e6 2. Qe2 c5 3. g3 g6 4. Bg2 Bg7 5. Nf3 Ne7 6. 0-0 Nbc6 7. e5 Qc7 8. Re1 h6 9. Nc3 a6 10. d3 g5 11. h3 Ng6 12. Be3 Ncxe5 13. Nxe5 Bxe5 14. Rad1 Bd4 15. Bxd4 cxd4 16. Nd5 Qd6 17. Qe4 0-0 18. Nf6+ Kh8 19. Qg4 e5 20. Ne4 Qe6 21. Qh5 Kg7 22. f3 f5 23. Nc5 Qf6 24. g4 d6 25. gxf5 Nf4 26. Qg4 dxc5 0-1

[Event "Baku op"]
[Site "Baku"]
[Date "2023.05.09"]
[Round "6"]
[White "Garayev, Kanan Farzali Oglu"]
[Black "Dixit, Nikhil"]
[Result "0-1"]
[WhiteElo "2346"]
[BlackElo "2257"]
[PlyCount "114"]
[EventDate "2023.05.04"]
[EventType "swiss"]
[EventRounds "9"]
[EventCountry "AZE"]
[SourceTitle "CBM 214 Extra"]
[Source "ChessBase"]
[SourceDate "2023.07.31"]
[SourceVersion "1"]
[SourceVersionDate "2023.07.31"]
[SourceQuality "1"]

1. d4 Nf6 2. Nf3 g6 3. Nc3 d5 4. Bf4 Bg7 5. Nb5 Na6 6. e3 0-0 7. h3 Ne4 8. Nd2 Nxd2 9. Qxd2 c6 10. Nc3 Nc7 11. Be2 f6 12. g4 e5 13. Bg3 exd4 14. exd4 Ne6 15. 0-0-0 f5 16. gxf5 Nxd4 17. fxg6 hxg6 18. h4 Nxe2+ 19. Qxe2 Re8 20. Qd2 Bg4 21. Rde1 Qf6 22. Qg5 Qxg5+ 23. hxg5 Bf3 24. Rhg1 d4 25. Nb1 Bd5 26. b3 c5 27. Bd6 b6 28. f4 Kf7 29. Be5 Bxe5 30. fxe5 Be6 31. Rgf1+ Bf5 32. Na3 Rh8 33. Re2 Ke6 34. Nb5 Rh7 35. b4 a6 36. Nd6 Rah8 37. bxc5 bxc5 38. Rf3 Rh1+ 39. Kb2 R1h2 40. Rxh2 Rxh2 41. Kb3 Kxe5 42. Nxf5 gxf5 43. Rg3 c4+ 44. Kxc4 Rxc2+ 45. Kb3 Rc7 46. g6 Kf6 47. Kb4 Rg7 48. Ra3 Ra7 49. Rg3 Rd7 50. Kc4 d3 51. g7 Rxg7 52. Rxd3 Rc7+ 53. Kb4 Rc6 54. Rc3 Rxc3 55. Kxc3 Kg5 56. Kd3 Kf4 57. Ke2 a5 0-1

[Event "Baku op"]
[Site "Baku"]
[Date "2023.05.08"]
[Round "5"]
[White "Bharath, Subramaniyam H"]
[Black "Garayev, Kanan Farzali Oglu"]
[Result "1-0"]
[WhiteElo "2517"]
[BlackElo "2346"]
[PlyCount "85"]
[EventDate "2023.05.04"]
[EventType "swiss"]
[EventRounds "9"]
[EventCountry "AZE"]
[SourceTitle "CBM 214 Extra"]
[Source "ChessBase"]
[SourceDate "2023.07.31"]
[SourceVersion "1"]
[SourceVersionDate "2023.07.31"]
[SourceQuality "1"]

1. d4 d5 2. Bf4 e6 3. Nf3 Bd6 4. e3 Nf6 5. Ne5 0-0 6. Nd2 c5 7. c3 Qc7 8. Bd3 Nc6 9. Ndf3 b6 10. 0-0 Bb7 11. Rc1 Ne4 12. Nxc6 Bxf4 13. exf4 Bxc6 14. g3 Nd6 15. Re1 Bb5 16. Bb1 Rac8 17. Ng5 g6 18. h4 cxd4 19. Qxd4 Qc5 20. Qf6 Ne8 21. Qe5 Ng7 22. Nf3 Qc7 23. Qd4 Qc5 24. Qd2 Nf5 25. h5 Nd6 26. f5 Ne4 27. Rxe4 dxe4 28. Qh6 Qe7 29. Ng5 f6 30. Nxe6 gxf5 31. Nxf8 Rxf8 32. Rd1 Rd8 33. Bc2 Bc4 34. Rxd8+ Qxd8 35. Qf4 Be6 36. g4 fxg4 37. Qxe4 Qd7 38. h6 Bd5 39. Qf4 Kf7 40. Bxh7 Qe7 41. Kh2 Bxa2 42. Qxg4 Qd6+ 43. Kg1 1-0

[Event "Baku op"]
[Site "Baku"]
[Date "2023.05.04"]
[Round "1"]
[White "Garayev, Kanan Farzali Oglu"]
[Black "Indjic, Aleksandar"]
[Result "0-1"]
[WhiteElo "2346"]
[BlackElo "2618"]
[PlyCount "66"]
[EventDate "2023.05.04"]
[EventType "swiss"]
[EventRounds "9"]
[EventCountry "AZE"]
[SourceTitle "CBM 214 Extra"]
[Source "ChessBase"]
[SourceDate "2023.07.31"]
[SourceVersion "1"]
[SourceVersionDate "2023.07.31"]
[SourceQuality "1"]

1. d4 Nf6 2. Nf3 e6 3. Bf4 d5 4. e3 c5 5. c3 Nc6 6. Nbd2 Nh5 7. Bg3 Be7 8. Bd3 Nxg3 9. hxg3 h6 10. Ne5 Nxe5 11. dxe5 Qc7 12. Nf3 Bd7 13. Qe2 a6 14. e4 0-0-0 15. exd5 exd5 16. c4 Qa5+ 17. Qd2 Qxd2+ 18. Nxd2 Bc6 19. Nf3 b5 20. cxd5 Bxd5 21. a4 Kb7 22. Be2 Kb6 23. 0-0 g5 24. axb5 axb5 25. Rfe1 Be6 26. Red1 Rxd1+ 27. Rxd1 Ra8 28. Rd2 Ra1+ 29. Kh2 g4 30. Nh4 c4 31. f4 gxf3 32. Bxf3 Bc5 33. g4 Ra2 0-1

[Event "Titled Tuesday intern op 07th Feb Early"]
[Site "Chess.com INT"]
[Date "2023.02.07"]
[Round "6"]
[White "Avalos Parra, Joao"]
[Black "Garayev, Kanan Farzali Oglu"]
[Result "1-0"]
[WhiteElo "2185"]
[BlackElo "2344"]
[PlyCount "67"]
[EventDate "2023.02.07"]
[EventType "swiss (blitz)"]
[EventRounds "11"]
[EventCountry "USA"]
[SourceTitle "EXT 2024"]
[Source "ChessBase"]
[SourceDate "2023.10.10"]
[SourceVersion "1"]
[SourceVersionDate "2023.10.10"]
[SourceQuality "1"]

1. d4 d5 2. c4 e6 3. Nf3 a6 4. cxd5 exd5 5. Nc3 c6 6. Bf4 Bd6 7. e3 Ne7 8. Bd3 Bf5 9. 0-0 0-0 10. h3 Bxd3 11. Qxd3 Ng6 12. Bxd6 Qxd6 13. a4 a5 14. Rfe1 Na6 15. h4 Nb4 16. Qf5 Ne7 17. Qb1 h6 18. e4 dxe4 19. Nxe4 Qc7 20. Ra3 Rad8 21. Qc1 Ned5 22. Ne5 Rfe8 23. Rg3 Re6 24. Nc5 Rf6 25. Ng4 Rg6 26. h5 Rg5 27. Ne4 Rxg4 28. Rxg4 f5 29. Rg6 Nd3 30. Qxh6 Nxe1 31. Ng5 Nf3+ 32. gxf3 Rd7 33. Ne6 Kf7 34. Rxg7+ 1-0

[Event "Titled Tuesday intern op 07th Feb Early"]
[Site "Chess.com INT"]
[Date "2023.02.07"]
[Round "8"]
[White "Cina`, Vittorio"]
[Black "Garayev, Kanan Farzali Oglu"]
[Result "0-1"]
[WhiteElo "2158"]
[BlackElo "2344"]
[PlyCount "65"]
[EventDate "2023.02.07"]
[EventType "swiss (blitz)"]
[EventRounds "11"]
[EventCountry "USA"]
[SourceTitle "EXT 2024"]
[Source "ChessBase"]
[SourceDate "2023.10.10"]
[SourceVersion "1"]
[SourceVersionDate "2023.10.10"]
[SourceQuality "1"]

1. d4 d5 2. c4 e6 3. Nc3 a6 4. cxd5 exd5 5. Nf3 Nf6 6. Bg5 Be6 7. e3 Be7 8. Bd3 Nbd7 9. 0-0 0-0 10. Ne2 h6 11. Bh4 Bg4 12. Bg3 Bxf3 13. gxf3 Nh5 14. Nf4 Nxf4 15. Bxf4 Bg5 16. Bg3 f5 17. f4 Be7 18. Qh5 Qe8 19. Qh3 Qf7 20. Kh1 c5 21. dxc5 Nxc5 22. Be2 Ne4 23. Rac1 Rac8 24. f3 Nd2 25. Rfd1 Nc4 26. Bxc4 dxc4 27. Rd7 Qe6 28. Rxb7 Qxe3 29. Qf1 Bf6 30. Rxc4 Rcd8 31. Rc2 Rfe8 32. Kg2 Rd2+ 33. Bf2 0-1

[Event "Titled Tuesday intern op 07th Feb Early"]
[Site "Chess.com INT"]
[Date "2023.02.07"]
[Round "11"]
[White "Toczek, Grzegorz"]
[Black "Garayev, Kanan Farzali Oglu"]
[Result "0-1"]
[WhiteElo "2250"]
[BlackElo "2344"]
[PlyCount "80"]
[EventDate "2023.02.07"]
[EventType "swiss (blitz)"]
[EventRounds "11"]
[EventCountry "USA"]
[SourceTitle "EXT 2024"]
[Source "ChessBase"]
[SourceDate "2023.10.10"]
[SourceVersion "1"]
[SourceVersionDate "2023.10.10"]
[SourceQuality "1"]

1. e4 c5 2. a3 g6 3. Nc3 Bg7 4. Bc4 e6 5. d3 Ne7 6. f4 d5 7. Ba2 Nbc6 8. Nf3 0-0 9. 0-0 dxe4 10. Nxe4 b6 11. Rb1 Bb7 12. b4 cxb4 13. axb4 Rc8 14. Qe2 Nd4 15. Nxd4 Bxd4+ 16. Kh1 Nd5 17. Bxd5 exd5 18. Ng3 Re8 19. Qf3 Rxc2 20. f5 Qf6 21. fxg6 Qxf3 22. gxh7+ Kxh7 23. gxf3 Kg6 24. Bf4 Rh8 25. Ne4 dxe4 26. dxe4 f5 27. Rbd1 Rc4 28. e5 Rh3 29. Kg2 Rh4 30. Bg3 Rh7 31. Rd2 Rxb4 32. Rfd1 Rb2 33. Rxb2 Bxb2 34. Rd6+ Kf7 35. Rd7+ Kg8 36. Rd8+ Kg7 37. e6 Bf6 38. Rb8 Kg6 39. Bd6 Bd5 40. Rg8+ Rg7 0-1

[Event "Titled Tuesday intern op 01st Nov Late"]
[Site "Chess.com INT"]
[Date "2022.11.01"]
[Round "3"]
[White "Annaberdiyev, Babageldi"]
[Black "Garayev, Kanan Farzali Oglu"]
[Result "1-0"]
[WhiteElo "2208"]
[BlackElo "2344"]
[PlyCount "75"]
[EventDate "2022.11.01"]
[EventType "swiss (blitz)"]
[EventRounds "11"]
[EventCountry "USA"]
[SourceTitle "EXT 2024"]
[Source "ChessBase"]
[SourceDate "2023.10.10"]
[SourceVersion "1"]
[SourceVersionDate "2023.10.10"]
[SourceQuality "1"]

1. e4 c5 2. Nf3 Nf6 3. d3 Nc6 4. Nbd2 d5 5. g3 g6 6. Bg2 Bg7 7. 0-0 0-0 8. Re1 e5 9. c3 Re8 10. a4 h6 11. h3 b6 12. exd5 Nxd5 13. Nc4 Bf5 14. g4 Bc8 15. Qb3 Bb7 16. a5 Rb8 17. axb6 axb6 18. Be3 Ba8 19. Nfd2 b5 20. Rxa8 Rxa8 21. Qxb5 Nce7 22. Bxc5 Rb8 23. Qa6 Nf4 24. Bd6 Nxg2 25. Kxg2 Ra8 26. Qb7 h5 27. f3 hxg4 28. hxg4 Rc8 29. Ra1 Nc6 30. Ra6 Nb8 31. Ra7 Qf6 32. Ne4 Qf4 33. Nb6 Rcd8 34. Nd5 Rd7 35. Nxf4 Rxb7 36. Rxb7 Nc6 37. Nd5 Ra8 38. Rb6 1-0